| 000 | 01620ngm a2200277 a 4500 | ||
|---|---|---|---|
| 003 | CO-ViMGA | ||
| 008 | 161108s2009 ck g 000 0 s | ||
| 040 |
_aCO-ViMGA _bspa _cCO-ViMGA |
||
| 082 | 0 | 4 |
_a611.81 _bD37c |
| 110 |
_aDiscovery Communications _912534 |
||
| 245 | 1 | 0 | _aCuriosity |
| 250 | _a1a. edición | ||
| 260 |
_aBogotá _bDiscovery Communications _bMS Tv & Videos _c2009 |
||
| 490 |
_aCuriosity _aDiscovery en la escuela |
||
| 500 | _aDolby Digital | ||
| 500 | _aMultizona | ||
| 520 | _aGracias a esta serie nos sumergiremos en el mundo de las preguntas imposibles que todos nos hemos hecho en ocasiones y conoceremos las respuestas a algunos enigmas que no hemos podido responder. 'Curiosity' viaja por diferentes disciplinas como el espacio, la biología, la física, la tecnología, la naturaleza y la mente humana para buscar respuesta a las grandes preguntas. Cada episodio de 'Curiosity' se centrará en una sola pregunta del campo de la ciencia, la tecnología, y la sociedad, a través de la cual se irá creando una cadena de preguntas y respuestas: 1.¿podemos vivir para siempre? 2.¿Cómo funcionan las drogas en el cuerpo? 3.¿se puede programar la mente humana? 4. El origen de la vida. | ||
| 546 | _aAudio en español e inglés | ||
| 600 |
_aAristarco De Samos _d310 A. C.-230 A. C _912535 |
||
| 600 |
_aEinstein, Albert _d1879-1955 _910692 |
||
| 600 |
_aGaliley, Galileo _d1564 - 1642 _912536 |
||
| 650 | 1 | 4 |
_aCosmología _vVideodiscos digitales _912539 |
| 650 | 1 | 4 |
_aOrigen del universo _vVideodiscos digitales _912537 |
| 650 | 1 | 4 |
_aTeoría del Big Bang _vVideodiscos digitales _912538 |
| 942 |
_2ddc _cCD |
||
| 999 |
_c37015 _d37015 |
||